Personnages de House of the Dragon - Statistiques

Statistiques générales
  • Ce quiz a été pris 54 fois
  • Le résultat moyen est 37 sur 108
Statistiques - réponses
Par images Réponse % Correct
Viserys I Targaryen
85%
Aemond Targaryen
78%
Daemon Targaryen
78%
Aegon II Targaryen
76%
Alicent Hightower
74%
Rhaenys Targaryen
72%
Criston Cole
70%
Lucerys Velaryon
70%
Rhaenyra Targaryen
70%
Baela Targaryen
67%
Jacaerys Velaryon
67%
Otto Hightower
67%
Tyland Lannister
65%
Vhagar
65%
Daenerys Targaryen
63%
Helaena Targaryen
63%
Laenor Velaryon
63%
Syrax
63%
Balerion
61%
Corlys Velaryon
61%
Harwin Fort
61%
Larys Fort
61%
Addam de Carène
59%
Aemma Arryn
59%
Cregan Stark
59%
Caraxes
57%
Joffrey Velaryon
57%
Laena Velaryon
57%
Rhaena Targaryen
57%
Vermithor
57%
Viserys II Targaryen
57%
Aegon III Targaryen
54%
Jaehaerys I Targaryen
52%
Gwayne Hightower
50%
Meleys
50%
Vaemond Velaryon
50%
Jaehaerys II Targaryen
48%
Seasmoke
48%
Vermax
46%
Alys Rivers
41%
Jaehaera Targaryen
41%
Mysaria
41%
Jason Lannister
39%
Sunfyre
39%
Dreamfyre
37%
Hugh Marteau
37%
Jeyne Arryn
37%
Oscar Tully
37%
Sheepstealer
37%
Alyssa Targaryen
35%
Silverwing
35%
Simon Fort
35%
Ulf le Blanc
35%
Baelon Targaryen
33%
Rhea Royce
33%
Roi de la Nuit
33%
Arrax
30%
Lyonel Fort
30%
Rickon Stark
28%
Arryk Cargyll
26%
Moondancer
26%
Dyana
24%
Alyn de Carène
22%
Errik Cargyll
22%
Sabitha Frey
22%
Borros Baratheon
20%
Floris Baratheon
17%
Forrest Frey
17%
Boremund Baratheon
15%
Cassandra Baratheon
15%
Ellyn Baratheon
15%
Fromage
15%
Hobert Hightower
15%
Joffrey Lonbec
15%
Maris Baratheon
15%
Willem Nerbosc
15%
Aeron Bracken
13%
Corneille à trois yeux
13%
Talya
13%
Craghas Drahar
11%
Mestre Orwyle
11%
Sang
11%
Steffon Sombrelyn
11%
Alfred Balais
9%
Grand Septon
9%
Harrold Ouestrelin
9%
Jasper Wylde
9%
Lyman des Essaims
9%
Eddard Waters
7%
Gerold Royce
7%
Mestre Gerardys
7%
Mestre Mellos
7%
Bartimos Celtigar
4%
Elinda Massey
4%
Germund Fort
4%
Leon Estermont
4%
Lorent Marpheux
4%
Martyn Reyne
4%
Paxter Fort
4%
Qarl Correy
4%
Rickard Thorne
4%
Ryam Redwyne
4%
Sylvi
4%
Allun Caswell
2%
Gormon Massey
2%
Kat
2%
Randyll Barret
2%
Reggio Haratis
2%
Aucun quiz correspondant
Distribution des résultats
% des personnes avec chaque résultat
Percentile par nombre de réponses
Votre historique - résultats
Vous n’avez pas pris ce quiz